00148 a2200073 450000100060000010000180000624500230002426000270004718740 aBalighuddin S aRizm-e-haq-o-batil abparadize Pub ac1973